Japanese red and other short stories
Αποθηκεύτηκε σε:
| Κύριος συγγραφέας: | |
|---|---|
| Μορφή: | Βιβλίο |
| Γλώσσα: | English |
| Δημοσίευση: |
Harlow :
Longman,
1985
|
| Σειρά: | Longman structural readers. Fiction ;
; Stage 2 |
| Θέματα: | |
| Ετικέτες: |
Προσθήκη ετικέτας
Δεν υπάρχουν, Καταχωρήστε ετικέτα πρώτοι!
|
MARC
| LEADER | 00000nam a2200000 i 4500 | ||
|---|---|---|---|
| 001 | 1/40066 | ||
| 008 | 941103s19841985 eng d | ||
| 020 | |a 0582527392 | ||
| 035 | |a 1988 |l 10041163 | ||
| 040 | |a GR-MY-UA |b gre |e aacr | ||
| 041 | 0 | |a eng | |
| 082 | 0 | |a 428.64 | |
| 100 | 1 | |a Jones, Lewis. | |
| 245 | 1 | 0 | |a Japanese red and other short stories / |c Lewis Jones ; illustrated by Ivan Lapper |
| 260 | |a Harlow : |b Longman, |c 1985 | ||
| 300 | |a 48 p.; |b ill.; |c 19 cm. | ||
| 490 | 1 | |a Logman structural readers. Fiction |v ; stage 2 | |
| 650 | 0 | 0 | |a English language |x Readers. |
| 650 | 0 | 0 | |a English language |x Study and teaching |x Audio-visual aids. |
| 830 | 0 | |a Longman structural readers. Fiction ; |v ; Stage 2 | |
| 852 | |a INST |b SAMOS |e 19941103 |h 428.64 JON |p 005300001996 |q 005300001996 |t BK |y 0 | ||
| 909 | |a Σ |b 010114 | ||